000 00554nam a22001937a 4500
005 20230316113648.0
008 230316b ||||| |||| 00| 0 eng d
040 _cAL
041 _aEnglish
082 _223
_a954/134
_bMEHA
100 _aJ L Mehta
_975690
245 _aAdvanced Study in the History of Medieval India
260 _aNew Delhi
_bSterling Publishers Pvt Ltd
_c1980
300 _axix,316 p.
_bPB
_c22x14.5 cm.
440 _aVol I 1000-1526
_975691
650 _aMedieval India
_975682
700 _aMEHTA (J L)
_975683
942 _2ddc
_cSG
999 _c227037
_d227037